Central Library OPAC University of Rajshahi

Studies on some enzymes from germinating oil and cereal seeds / (Record no. 80335)

MARC details
000 -LEADER
fixed length control field 01020nam a22002537a 4500
001 - CONTROL NUMBER
RUCL Control Number 80335
003 - CONTROL NUMBER IDENTIFIER
rucl marc code BD-RjUL
005 - DATE AND TIME OF LATEST TRANSACTION
control field 20230402155848.0
008 - FIXED-LENGTH DATA ELEMENTS--GENERAL INFORMATION
fixed length control field 220912s2004 bg a|||| m||| 00| 0 eng d
035 ## - SYSTEM CONTROL NUMBER
system control number (BD-RjUL)80335
040 ## - CATALOGING SOURCE
Original cataloging agency BD-RjUL
Language of cataloging eng
Transcribing agency BD-RjUL
Modifying agency BD-RjUL
041 ## - LANGUAGE CODE
Language code of Book eng
082 ## - DEWEY DECIMAL CLASSIFICATION NUMBER
DDC Edition number 23
Classification number 631.521
Author mark and Year SAS 2004
100 ## - MAIN ENTRY--PERSONAL NAME
Personal name Sana, Niranjan Kumar
9 (RLIN) 4734
245 10 - TITLE STATEMENT
Title Studies on some enzymes from germinating oil and cereal seeds /
Statement of responsibility, etc By Niranjan Kumar Sana ;
Name of Supervisor/Co-Supervisor Supervisor : Entazul M. Huque, Co-Supervisor : Ranajit Kumar Shaha
260 ## - PUBLICATION, DISTRIBUTION, ETC. (IMPRINT)
Place of publication, distribution, etc Rajshahi :
Name of publisher, distributor, etc Department of Biochemistry & Molecular Biology, University of Rajshahi
Date of publication, distribution, etc 2004
300 ## - PHYSICAL DESCRIPTION
Pagination xiv, 138 leaves :
Other physical details ill, ;
Dimensions 29.cm.
502 ## - DISSERTATION NOTE
Dissertation note Thesis (Ph. D.) -- Department of Biochemistry & Molecular Biology, University of Rajshahi, 2004
504 ## - BIBLIOGRAPHY, ETC. NOTE
Bibliography, etc References : Leaves 124 - 138
650 ## - SUBJECT ADDED ENTRY--TOPICAL TERM
Topical term or geographic name as entry element Seeds
9 (RLIN) 4735
Form subdivision Development
700 ## - ADDED ENTRY--SUPERVISOR/CO-SUPERVISOR NAME
Personal name Huque, Entazul, M. Supervisor
9 (RLIN) 4736
Personal name Shaha, Ranajit, Kumar, CO-Supervisor
9 (RLIN) 4737
942 ## - ADDED ENTRY ELEMENTS (KOHA)
Source of classification or shelving scheme Dewey Decimal Classification
Koha item type Theses
Holdings
Source of classification or shelving scheme Damaged status Not for loan Collection code Permanent Location Current Location Shelving location Date of accession Source of acquisition Full call number Barcode Date last seen Copy number Thesis
Dewey Decimal Classification   Not For Loan Theses Central Library, University of Rajshahi Central Library, University of Rajshahi Documentation Section 21/07/2005 Controller of Exam. R.U. THE 631.521 SAS 2004 D2405 12/09/2022 C-1 Theses